Developing English skills (Record no. 5538)

MARC details
000 -LEADER
fixed length control field 00339nam a2200157Ia 4500
003 - CONTROL NUMBER IDENTIFIER
control field OSt
008 - FIXED-LENGTH DATA ELEMENTS--GENERAL INFORMATION
fixed length control field 191201s2007 xx 000 0 und d
082 ## - DEWEY DECIMAL CLASSIFICATION NUMBER
Classification number 429
Item number THD
100 ## - MAIN ENTRY--PERSONAL NAME
Personal name THAKER, PK
245 #0 - TITLE STATEMENT
Title Developing English skills
250 ## - EDITION STATEMENT
Edition statement IMP
260 ## - PUBLICATION, DISTRIBUTION, ETC. (IMPRINT)
Place of publication, distribution, etc N. Delhi
Name of publisher, distributor, etc Oxford
Date of publication, distribution, etc 2007
300 ## - PHYSICAL DESCRIPTION
Extent 126
650 ## - SUBJECT ADDED ENTRY--TOPICAL TERM
Topical term or geographic name as entry element BBA
942 ## - ADDED ENTRY ELEMENTS (KOHA)
Source of classification or shelving scheme Dewey Decimal Classification
Koha item type Text Books
Holdings
Withdrawn status Lost status Source of classification or shelving scheme Damaged status Not for loan Collection code Home library Current library Date acquired Source of acquisition Cost, normal purchase price Bill Number Total Checkouts Full call number Acc. no. / Barcode Date last seen Date last borrowed Bill Date Koha item type Public note
    Dewey Decimal Classification     BBA PIET C-LIBRARY PIET C-LIBRARY 16/11/2012 IBH, New Delhi 40.00 15491 1 429 THD 21297 20/04/2022 12/04/2022 08/11/2012 Text Books  
    Dewey Decimal Classification     BBA PIET C-LIBRARY PIET C-LIBRARY 16/11/2012 IBH, New Delhi 40.00 15491 1 429 THD 21298 25/01/2023 19/01/2023 08/11/2012 Text Books  
    Dewey Decimal Classification     BBA PIET C-LIBRARY PIET C-LIBRARY 16/11/2012 IBH, New Delhi 40.00 15491   429 THD 21299 04/12/2019   08/11/2012 Text Books  
    Dewey Decimal Classification     BBA PIET C-LIBRARY PIET C-LIBRARY 16/11/2012 IBH, New Delhi 40.00 15491   429 THD 21300 04/12/2019   08/11/2012 Text Books  
    Dewey Decimal Classification     BBA PIET C-LIBRARY PIET C-LIBRARY 16/11/2012 IBH, New Delhi 40.00 15491 1 429 THD 21301 06/10/2025 22/09/2025 08/11/2012 Text Books  
    Dewey Decimal Classification     GENERAL PIET C-LIBRARY PIET C-LIBRARY 16/11/2012 IBH, New Delhi 40.00 15491   429 THD 21302 04/12/2019   08/11/2012 Text Books Motivational
    Dewey Decimal Classification     BBA PIET C-LIBRARY PIET C-LIBRARY 16/11/2012 IBH, New Delhi 40.00 15491 2 429 THD 21303 23/01/2023 29/12/2022 08/11/2012 Text Books .
    Dewey Decimal Classification     BBA PIET C-LIBRARY PIET C-LIBRARY 16/11/2012 IBH, New Delhi 40.00 15491 1 429 THD 21304 21/01/2023 11/01/2023 08/11/2012 Text Books  

Design & Developed by: PIET Central Library
R70 Miles Stone Pattikalyana Samalkha Panipat 132102
mail ID :- [email protected], Phone No:- 0180-2569700 Ex.216